000 01303namaa22003251i 4500
005 20260308120051.0
008 260204s1995 ua a|||frm||| 000 0 eng d
040 _aEG-GICUC
_beng
_cEG-GICUC
_dEG-GICUC
_erda
041 0 _aeng
_beng
_bara
049 _aDeposit
097 _aPh.D
099 _aCai01.11.31.Ph.D.1995.Ra.D
100 0 _aRagab Hani Mohamed Dongol,
_epreparation.
245 1 0 _aDiagnostic imaging of the prostate /
_cBy Ragab Hani Mohamed Dongol; Supervision Prof. Dr. Mohamed Helmy El- Kaffas, Dr. Hatem El- Gabaly, Dr. Ahmad Morsy
246 1 5 _aالتصوير التشخيصي للبروستاتا
264 0 _c1995.
300 _a284 Leaves :
_billustrations
_c30 cm. +
336 _2rda content
_atext
337 _2rdamedia
_aUnmediated
338 _2rdacarrier
_avolume
502 _aThesis (Ph.D)-Cairo University, 1995.
504 _aBibliography: pages 262-284
653 0 _aDiagnostic imaging of the prostate
700 0 _aMohamed Helmy El- Kaffas
_ethesis advisor.
700 0 _aHatem El- Gabaly
_ethesis advisor.
700 0 _aAhmad Morsy
_ethesis advisor.
900 _DDepartment of Radiodiagnosis
_FFaculty of Medicine
_UCairo University
_b1995
_cMohamed Helmy El- Kaffas
_c Hatem El- Gabaly
_cAhmad Morsy
905 _aNehad
_eNourhan
942 _2ddc
_cTH
_e21
_n0
999 _c178188